Statistiques concernant Comme un homme - Mulan [Paroles entières]

Cliquez ici pour prendre le quiz!

Statistiques générales

  • Ce quiz a été pris 446 fois
    (344 depuis la dernière actualisation)
  • Le résultat moyen est 203 sur 234

Statistiques - réponses

XParoles% Correct
le
98%
de
98%
| X2un
98%
homme
98%
les
97%
je
97%
StropheLes
97%
| Chien Po | LingJe
97%
comme
96%
ne
96%
| Refrain | StropheComme
96%
Vous
95%
vous
95%
pas
95%
et
95%
faire
95%
que
95%
plus
94%
pour
94%
en
93%
des
93%
En
93%
hommes
93%
du
92%
fille
92%
92%
mon
92%
la
92%
vrais
92%
Huns
90%
cours
89%
leur
88%
l'exercice
88%
StropheAttaquons
88%
me
88%
êtes
88%
vois
88%
n'en
88%
défaire
88%
mais
87%
Mais
87%
gym
87%
fils
87%
moi
87%
sécher
86%
n'aurais
86%
Sois
86%
au
86%
donné
86%
tout
85%
leurs
85%
l'Orient
83%
fillettes
83%
feu
83%
Chien PoJ'aurais
83%
volcans
83%
régime
83%
sais
82%
mettre
82%
ouragans
81%
torrent
81%
fragiles
81%
tous
81%
mes
80%
loin
80%
contre
80%
sont
80%
lune
80%
qui
80%
serez
80%
très
80%
saurai
79%
bande
78%
envers
78%
suis
78%
voyait
78%
coeur
78%
plein
78%
MulanS'il
77%
flèche
77%
nuits
77%
ardent
77%
qu'une
77%
puissant
77%
amis
77%
n'êtes
77%
nage
76%
jours
76%
violent
76%
passent
75%
peux
75%
MushuCe
74%
chez
74%
YaoSalue
73%
M'ont-ils
73%
rentrez
72%
jamais
72%
frappe
72%
par
71%
forts
71%
femmelettes
71%
vainqueurs
70%
l'équilibre
70%
nager
69%
trouvant
69%
bien
68%
chemin
68%
coup
68%
Secret
68%
vaillants
67%
Suivez
67%
vibre
64%
demain
64%
vivrez
63%
flanque
49%
bout
48%
jusqu'au
45%
gars-là
44%
foies
36%

Distribution des résultats

Percentile par nombre de réponses

% des personnes avec chaque résultat

Votre développement - résultats

Vous n’avez pas pris ce quiz depuis la dernière actualisation